000 00545nam a2200205Ia 4500
005 20250508165130.0
008 008 250505s9999 xx 000 0 eng d
020 _a978-81-89524-34-0
037 _aTextual
040 _aFEDL
_beng
_cFEDL
041 _aeng
_2eng
084 _a323.4, BOB
_qFEDL
100 _aBob Clifford
245 0 _aDalit rights are human rights
260 _aNew Delhi, India
_bCritical Quest
_c2008
300 _a32p.
365 _aINR
_b25
942 _cTEXL
_h323.4, BOB
999 _c1393323
_d1393323